000 00630nam a2200229Ia 4500
003 OSt
005 20221007071715.0
006 a|||||r|||| 00| 0
007 ta
008 221006b |||||||| |||| 00| 0 eng d
024 _a16,815
037 _cTextual
040 _aFLL
_cFLL
_beng
041 _2eng
_aeng
082 _aY1:45:61:Z73, K9
100 _aLeonard V.A. Au.
_9689263
245 0 _aPolice the judiciary and the criminal
260 _aLondon
_bGlencoe Press England
_c1969
300 _avi,235p
_ccm.
942 _hY1:45:61:Z73, K9
_cTEXL
_2CC
999 _c1144044
_d1144044